Пособие по подготовке к устному экзамену по математике. Ч. 4: Планиметрия (Запись № 6465315)

Подробности
000 -МАРКЕР
контрольное поле 00943nam2a22002411 4500
001 - ИДЕНТИФИКАТОР ЗАПИСИ
контрольное поле rc\175627
005 - ИДЕНТИФИКАТОР ВЕРСИИ
контрольное поле 20250621061702.0
035 ## - ДРУГИЕ СИСТЕМНЫЕ НОМЕРА
Идентификатор записи (NLR Aleph) 005617275
100 ## - ДАННЫЕ ОБЩЕЙ ОБРАБОТКИ
Данные общей обработки 20030307d1992 |||y0rusy50 ca
101 0# - ЯЗЫК РЕСУРСА
Язык текста, звукозаписи и т.д. русский
102 ## - СТРАНА ПУБЛИКАЦИИ ИЛИ ПРОИЗВОДСТВА
Страна публикации Российская Федерация
105 ## - ПОЛЕ КОДИРОВАННЫХ ДАННЫХ: ТЕКСТОВЫЕ МАТЕРИАЛЫ, МОНОГРАФИЧЕСКИЕ
Кодированные данные о монографическом текстовом документе a |||||||||
200 1# - ЗАГЛАВИЕ И СВЕДЕНИЯ ОБ ОТВЕТСТВЕННОСТИ
Основное заглавие Планиметрия
Первые сведения об ответственности О.С. Игудисман
210 ## - ПУБЛИКАЦИЯ, РАСПРОСТРАНЕНИЕ И ДР.
Дата издания, распространения и т.д. 1992
Место издания, распространения и т.д. Б. м.
215 ## - ФИЗИЧЕСКАЯ ХАРАКТЕРИСТИКА
Специфическое обозначение материала и объем 64с.
Другие сведения о физической характеристике ил.
461 #0 - УРОВЕНЬ НАБОРА
Встроенное поле 001rc\175626
-- 2001#$aПособие по подготовке к устному экзамену по математике$fКооп. "Моск. Лицей"$vЧ. 4
Системный номер (АБИС) связанной записи 6465309
Место публикации М.
Дата публикации 1992-
Первые сведения об ответственности Кооп. "Моск. Лицей"
Имя издателя, распространителя и т.д. Моск. Лицей
Заглавие Пособие по подготовке к устному экзамену по математике
Номер тома Ч. 4
701 #1 - ИМЯ ЛИЦА - АЛЬТЕРНАТИВНАЯ ОТВЕТСТВЕННОСТЬ
Начальный элемент ввода Игудисман
Часть имени, кроме начального элемента ввода О.С.
801 #0 - ИСТОЧНИК ЗАПИСИ
Страна Российская Федерация
Организация NLR
Правила каталогизации psbo
801 #1 - ИСТОЧНИК ЗАПИСИ
Страна Российская Федерация
Организация ELAR
Источник данных rusmarc
852 ## - МЕСТОНАХОЖДЕНИЕ И ШИФР ХРАНЕНИЯ
Идентификатор организации NLR
Шифр хранения (Call Number) 92-4/2917
942 ## - ДОПОЛНИТЕЛЬНЫЕ ЭЛЕМЕНТЫ ЗАПИСИ (АБИС)
Тип экземпляра АБИС Книга
980 ## - КОЛЛЕКЦИЯ
Название коллекции Национальная библиография
Экземпляры
Тип экземпляра Дата поступления Библиотека постоянного хранения Библиотека текущего хранения Место хранения Шифр хранения Штрих-код Статус экземпляра
Книга 26.10.2013 РНБ (Московский) РНБ (Московский) Русский книжный фонд: издания с 1957 года 92-4/2917 5617275-10